01092nam a22002894a 4500001001200000003000800012006001900020007001500039008004100054020001500095040002100110035002000131050002600151082001200177100002700189245008600216260005800302300001100360504006600371533015200437650001100589650001300600655002900613710001700642856012600659999001700785ebr10085240CaPaEBRm u cr cn|||||||||010601s2001 enk sb 001 0 eng  z0195147782 aCaPaEBRcCaPaEBR a(OCoLC)7074815814aBJ1533.H8bW66 2001eb04a1702211 aWoodruff, Paul,d1943-10aReverence :brenewing a forgotten virtueh[electronic resource] /cPaul Woodruff. aOxford ;aNew York :bOxford University Press,c2001. a248 p. aIncludes bibliographical references (p. [240]-243) and index. aElectronic reproduction.bPalo Alto, Calif. :cebrary,d2013.nAvailable via World Wide Web.nAccess may be limited to ebrary affiliated libraries. 0aHonor. 0aRespect. 7aElectronic books.2local2 aebrary, Inc.40uhttp://site.ebrary.com/lib/rucke/Doc?id=10085240zAn electronic book accessible through the World Wide Web; click to view c67074d67074